NFL First Drafted RB by Year - Statistics

General Stats
  • This quiz has been taken 48 times
  • The average score is 14 of 26
Answer Stats
Year Team Answer % Correct
2025 Raiders Ashton Jeanty
95%
2023 Falcons Bijan Robinson
91%
2022 Jets Breece Hall
91%
2018 Giants Saquon Barkley
88%
2016 Cowboys Ezekiel Elliott
86%
2015 Rams Todd Gurley
81%
2021 Steelers Najee Harris
79%
2019 Raiders Josh Jacobs
72%
2007 Vikings Adrian Peterson
70%
2020 Chiefs Clyde Edwards-Helaire
70%
2001 Chargers LaDainian Tomlinson
65%
2017 Jaguars Leonard Fournette
60%
2024 Panthers Jonathon Brooks
51%
2011 Saints Mark Ingram
51%
2006 Saints Reggie Bush
51%
2000 Ravens Jamal Lewis
47%
2012 Browns Trent Richardson
42%
2004 Rams Steven Jackson
37%
2009 Broncos Knowshon Moreno
33%
2010 Bills C.J. Spiller
30%
2013 Bengals Giovani Bernard
28%
2005 Dolphins Ronnie Brown
28%
2008 Raiders Darren McFadden
26%
2014 Titans Bishop Sankey
14%
2002 Browns William Green
14%
2003 Bills Willis McGahee
14%
No matching quizzes found
Score Distribution
Percent of People with Each Score
Percentile by Number Answered
Your Score History
You have not taken this quiz